Power talk! [ the power to create, the power to destroy!

Bibliographic Details
Main Author: Robbins, Anthony
Format: Book
Published: Los Angeles : Audio Renaissance Tapes , 1990
Subjects:

MARC

LEADER 00000cam a2200000 7i4500
001 0000001404
002 000001544
005 20021108.0
020 |a 1559272031 
090 0 0 |a 158   |b ROB 
100 1 |a Robbins, Anthony 
245 1 0 |a Power talk! [  |h sound recording] :   |b the power to create, the power to destroy!   |c Anthony Robbins 
260 |a Los Angeles :   |b Audio Renaissance Tapes ,   |c 1990 
300 |a 2 sound cassettes [2 hours, 20 minutes]   |e 1 bonus booklet 
650 0 0 |a Motivational theory 
999 |a 00010   |b KASET   |c KOLEKSI AUDIO VIDEO   |e PERPUSTAKAAN KOMUNITI PETALING JAYA